Reseña del gobierno de los Estados Unidos /
El documento consiste en una reseña que trata de explicar en que consiste en gobierno de los Estados Unidos de América, en el se incluye explicaciones acerca de la constitución política del país, el poder ejecutivo, el poder legislativo, el poder judicial, los derechos que poseen sus habitantes, las...
Salvato in:
| Autore principale: | |
|---|---|
| Natura: | Sconosciuto |
| Pubblicazione: |
Sin lugar:
sin editorial, sin fecha,
|
| Soggetti: | |
| Tags: |
Aggiungi Tag
Nessun Tag, puoi essere il primo ad aggiungerne!!
|
MARC
| LEADER | 00000 a2200000 04500 | ||
|---|---|---|---|
| 001 | 39946 | ||
| 003 | cru CIDCACS/IIS | ||
| 005 | 20230704083501.0 | ||
| 008 | 991231s d | ||
| 020 | |a [sin ISBN] | ||
| 040 | |c CRAI/IIS | ||
| 090 | |a 04.03.01 S374r | ||
| 100 | |a Schroeder, Richard C. | ||
| 245 | |a Reseña del gobierno de los Estados Unidos / |c Richard C., Schroeder | ||
| 260 | |a Sin lugar: |b sin editorial, |b sin fecha, | ||
| 300 | |a 112 páginas : fotografías | ||
| 520 | |a El documento consiste en una reseña que trata de explicar en que consiste en gobierno de los Estados Unidos de América, en el se incluye explicaciones acerca de la constitución política del país, el poder ejecutivo, el poder legislativo, el poder judicial, los derechos que poseen sus habitantes, las finanzas del gobierno y los fundamentos que rigen el gobierno de Estados Unidos. | ||
| 650 | 0 | |9 4911 |a GOBIERNO | |
| 650 | 0 | |9 3757 |a PODER EJECUTIVO | |
| 650 | 0 | |9 3755 |a PODER JUDICIAL | |
| 650 | 0 | |9 5239 |a CONSTITUCION POLITICA | |
| 650 | 0 | |9 7477 |a FINANZAS PUBLICAS | |
| 650 | 0 | |9 7601 |a DERECHOS | |
| 651 | 0 | |9 245 |a ESTADOS UNIDOS | |
| 942 | |2 ddc |c LI |h 04.03.01 S374r |i 05962 |6 040301_S374R_05962 | ||
| 999 | |c 11374 |d 11374 | ||
